Loading...
| Current Events | 3 | 20.00 | 100% | 67% | 33% |
| Fine Arts - Auditory Fine Arts | 6 | 15.00 | 100% | 50% | 0% |
| Fine Arts - Other Fine Arts | 7 | 10.00 | 86% | 14% | 0% |
| Fine Arts - Visual Fine Arts | 4 | 12.50 | 100% | 25% | 0% |
| Geography | 2 | 20.00 | 100% | 100% | 0% |
| History - American History | 5 | 20.00 | 100% | 100% | 0% |
| History - European History | 5 | 16.00 | 100% | 60% | 0% |
| History - Other History | 7 | 21.43 | 100% | 86% | 29% |
| History - World History | 7 | 20.00 | 100% | 57% | 43% |
| Literature - American Literature | 5 | 10.00 | 60% | 20% | 20% |
| Literature - British Literature | 7 | 15.71 | 86% | 71% | 0% |
| Literature - European Literature | 3 | 13.33 | 100% | 33% | 0% |
| Literature - World Literature | 5 | 18.00 | 100% | 60% | 20% |
| Mythology | 1 | 20.00 | 100% | 100% | 0% |
| Other Academic | 1 | 20.00 | 100% | 100% | 0% |
| Philosophy | 6 | 13.33 | 83% | 50% | 0% |
| Religion | 8 | 17.50 | 88% | 75% | 13% |
| Science - Biology | 4 | 15.00 | 75% | 50% | 25% |
| Science - Chemistry | 6 | 20.00 | 100% | 83% | 17% |
| Science - Other Science | 6 | 13.33 | 83% | 33% | 17% |
| Science - Physics | 5 | 12.00 | 100% | 20% | 0% |
| Social Science | 5 | 14.00 | 100% | 40% | 0% |